Hơn nửa đời hư
Sparad:
| Huvudupphovsman: | |
|---|---|
| Materialtyp: | Bok |
| Språk: | Undetermined |
| Publicerad: |
Thành phố Hồ Chí Minh
Tổng hợp thành phố Hồ Chí Minh
2013
|
| Ämnen: | |
| Taggar: |
Lägg till en tagg
Inga taggar, Lägg till första taggen!
|
| Thư viện lưu trữ: | Trung tâm Học liệu Trường Đại học Cần Thơ |
|---|
| LEADER | 00673nam a2200205Ia 4500 | ||
|---|---|---|---|
| 001 | CTU_185792 | ||
| 008 | 210402s9999 xx 000 0 und d | ||
| 020 | |c 220000 | ||
| 082 | |a 895.92280334 | ||
| 082 | |b S254 | ||
| 100 | |a Vương, Hồng Sển | ||
| 245 | 0 | |a Hơn nửa đời hư | |
| 245 | 0 | |c Vương Hồng Sển | |
| 260 | |a Thành phố Hồ Chí Minh | ||
| 260 | |b Tổng hợp thành phố Hồ Chí Minh | ||
| 260 | |c 2013 | ||
| 650 | |a Vietnamese literature,Văn học Việt Nam | ||
| 650 | |y 20th century,Thế kỷ 20 | ||
| 910 | |a Ngô Hồng Xuân | ||
| 980 | |a Trung tâm Học liệu Trường Đại học Cần Thơ | ||